000
00293nam a2200097Ia 4500
008
160725s9999 xx 000 0 und d
100
_a
Jimenez, Ana Maria Y.
245
_a
Curriculum design and development.
260
_b
Kaizen Research Journal College of Nursing
_c
June 2013
650
_a
NURSING
999
_c
298024
_d
298024